LIBRARY & INFORMATION CENTRE, KCAET, TAVANUR

ONLINE PUBLIC ACCESS CATALOGUE (OPAC)

Question bank on agricultural and food engineering / (Record no. 6890)

MARC details
000 -LEADER
fixed length control field 00523cam a2200205ua 4500
041 ## - LANGUAGE CODE
Language code of text/sound track or separate title eng
082 ## - DEWEY DECIMAL CLASSIFICATION NUMBER
Classification number 630.1076
Item number GAR/QU
100 ## - MAIN ENTRY--AUTHOR NAME
Personal name Garg, M K .
245 ## - TITLE STATEMENT
Title Question bank on agricultural and food engineering /
250 ## - EDITION STATEMENT
Edition statement 1 /
260 ## - PUBLICATION, DISTRIBUTION, ETC. (IMPRINT)
Place of publication Newdelhi :
Name of publisher Relience publishers ,
Year of publication 2000.
300 ## - PHYSICAL DESCRIPTION
Number of Pages 233 ; .
500 ## - GENERAL NOTE
General note **Reference
700 1# - ADDED ENTRY--PERSONAL NAME
Personal name Chandra, Pitam .
942 ## - ADDED ENTRY ELEMENTS (KOHA)
Koha item type Books
Holdings
Withdrawn status Lost status Damaged status Home library Current library Date acquired Full call number Accession Number Koha item type Collection code Shelving location Source of acquisition Cost, normal purchase price
      KAUAET KAUAET 07/04/2012 630.1076 20480 Books        
      KAUAET KAUAET 07/04/2012 630.1076 20479 Books        
      KAUAET KAUAET 30/03/2017 630.1076 GAR/QU 25543 Books   General Stacks Penta Book Distributors 195.00
      KAUAET KAUAET 11/07/2022 630.1076 GAR/QU BB 641 Book Bank scheme for SC students General Books Scheme TBS PUBLISHERS AND DISTRIBUTERS 265.00
free website counter